000 00763nam a2200253Ia 4500
003 OSt
005 20220927105445.0
006 a|||||r|||| 00| 0
007 ta
008 220926b |||||||| |||| 00| 0 eng d
024 _a169370
037 _cReference Collections
040 _aRTL
_cRTL
_beng
041 _2eng
_aeng
082 _a"X:93.4 N56, J6"
110 _aInternational Labour office.
245 0 _aProblems of wage policy in Asian countries.
260 _aGeneva
_bInternational labour office
_c1956
300 _avi; 141p.
_ccm.
490 _aStudies and Reports new series. no.43
700 _aInternational Labour office.
942 _h"X:93.4 N56, J6"
_cCC
999 _c692663
_d692663